000 00565nam a22001937a 4500
999 _c5999
_d5999
003 GBCCL
005 20241126110554.0
008 180420b ||||| |||| 00| 0 eng d
040 _cgbc
082 _a813.54
_bDIC
100 _aDickens, Charles
_d1812 - 1970
_910832
245 _aDavid Copperfield /
_cCharles Dickens
250 _a5th impression
260 _aOxford:
_bOxford University Press,
_c1966
300 _a142 p.;
_bill.,
_c17 cm.
650 _aEngland
_vSocial life and customs
_xFiction
_910833
650 _aManners and customs
_910834
942 _2ddc
_cBK